[Event "49th CHN-ch 2018"]
[Site "Xinghua"]
[Date "2018.04.23"]
[Round "6"]
[White "Liu, Guanchu"]
[Black "Liu, Yan"]
[Result "1/2-1/2"]
[WhiteElo "2459"]
[BlackElo "2481"]
[Annotator "TA"]
[PlyCount "61"]
[EventDate "2018.??.??"]
[EventCountry "CHN"]
[SourceTitle "playchess.com"]
[Source "ChessBase"]
[SourceQuality "1"]

{[%evp 29,61,10,9,18,16,0,0,0,0,0,0,0,0,0,0,0,0,-14,0,0,0,0,0,0,0,0,0,0,0,0,0,0,0,0]} 1. e4 c5 2. Nf3 d6 3. d4 cxd4 4. Nxd4 Nf6 5. Nc3 a6 6. Be3 Ng4 7. Bc1 Nf6 8. Bg5 e6 9. f4 h6 10. Bh4 Qb6 11. a3 Be7 {B96: Sicilian Najdorf: 6 Bg5 e6 7 f4, lines other than 7...Qb6 and 7...Be7} 12. Bf2 Qc7 13. Qf3 Nbd7 14. O-O-O b5 15. g4 g5 {LiveBook: 13 Games. The position is equal.} (15... Bb7 16. Bg2 g5 17. h4 gxf4 18. g5 Ne5 19. Qxf4 hxg5 20. hxg5 Rxh1 21. Rxh1 {0-1 (59) Karjakin,S (2760)-Vachier Lagrave,M (2789) London 2017}) 16. Bg2 Rb8 {[%cal Ba8b8,Bb8b4,Bb4c4,Bc4c2][%mdl 32]} 17. Qh3 b4 18. axb4 Rxb4 {[#]} 19. fxg5 $146 ({Predecessor:} 19. Rhf1) 19... Nxg4 $1 20. Qxg4 Bxg5+ 21. Kb1 $1 {[#] And now Nb3 would win.} (21. Rd2 Rg8 $17) 21... Qxc3 $1 {[%csl Gb4][%cal Rc3b2]} 22. Nb3 Qc7 23. Be1 Rc4 24. Ba5 Qc6 25. Qg3 Rxc2 {[#] Strongly threatening ...Bf6.} 26. Rxd6 Qc4 27. Nd2 Qc5 $1 {Hoping for ...Bf6.} ({Much weaker is} 27... Qa4 $6 28. Bc3 $16) 28. Nb3 Qc4 $1 {White must now prevent ...Rxg2!} 29. Nd2 Qc5 $1 {aiming for ...Bf6.} 30. Nb3 Qc4 $1 {Threatens to win with ...Rxg2!} 31. Nd2 {Precision: White = 89%, Black = 93%.} 1/2-1/2

[Event "49th CHN-ch 2018"]
[Site "Xinghua"]
[Date "2018.04.25"]
[Round "7"]
[White "Wen, Yang"]
[Black "Lu, Shanglei"]
[Result "1-0"]
[WhiteElo "2585"]
[BlackElo "2640"]
[Annotator "TA"]
[PlyCount "73"]
[EventDate "2018.??.??"]
[EventCountry "CHN"]
[SourceTitle "playchess.com"]
[Source "ChessBase"]
[SourceQuality "1"]

{[%evp 20,73,18,8,13,12,6,6,7,12,22,19,22,17,28,29,25,20,27,3,7,22,46,46,46,46,46,54,52,56,64,55,67,69,87,90,90,89,85,86,97,89,118,124,140,134,172,162,196,172,336,335,869,846,29987,29988]} 1. e4 c5 2. Nf3 d6 3. d4 cxd4 4. Nxd4 Nf6 5. Nc3 a6 6. g3 e5 7. Nde2 Be7 8. Bg2 b5 9. Nd5 {B91: Sicilian Najdorf: 6 g3} Nxd5 10. Qxd5 Ra7 11. Be3 {LiveBook: 7 Games. The position is equal.} Rb7 12. Nc3 $146 ({Predecessor:} 12. O-O O-O 13. Qd3 Be6 14. b3 Nd7 15. Nc3 Nf6 16. a4 Qb8 17. axb5 axb5 {1-0 (35) Vidit,S (2693)-Areshchenko,A (2652) Linares 2017}) 12... b4 13. Na4 Qc7 14. O-O O-O 15. b3 Bd7 16. Rfc1 Rc8 17. Rab1 h6 18. Qd2 a5 19. h4 Bxa4 20. bxa4 Nd7 21. Bf1 Rbb8 22. c3 bxc3 23. Rxb8 Nxb8 (23... cxd2 $2 {is the wrong capture.} 24. Rxc8+ Qd8 25. Rxd8+ $18) 24. Qd5 Nd7 {White should prevent ...Nf6.} 25. Ba6 Rf8 26. Qd3 Nc5 27. Rxc3 Qd8 28. Bxc5 dxc5 29. Qc2 Qc7 30. Bc4 g6 31. Rb3 Kg7 32. Qb2 Bf6 33. Rb7 Qc6 34. Bd5 Qxa4 $2 (34... Qd6 {was worth a try.} 35. Qb5 Bd8) 35. Qb6 $18 {[#] Strongly threatening Qe6.} Qd1+ $2 (35... Qe8 36. Qxa5 g5 37. hxg5 (37. Qxc5 gxh4 38. Qa7 hxg3 $18) 37... hxg5) 36. Kg2 Qg4 37. Qa7 {Precision: White = 91%, Black = 33%.} 1-0

[Event "49th CHN-ch 2018"]
[Site "Xinghua"]
[Date "2018.04.25"]
[Round "7"]
[White "Xu, Xiangyu"]
[Black "Bai, Jinshi"]
[Result "1/2-1/2"]
[WhiteElo "2574"]
[BlackElo "2586"]
[Annotator "TA"]
[PlyCount "63"]
[EventDate "2018.??.??"]
[EventCountry "CHN"]
[SourceTitle "playchess.com"]
[Source "ChessBase"]
[SourceQuality "1"]

{[%evp 34,63,25,14,13,13,13,13,18,18,13,6,5,3,8,0,6,7,11,8,9,0,0,0,0,-3,0,0,0,-6,0,0]} 1. d4 d5 2. Nf3 Nf6 3. c4 c6 4. Nc3 e6 {[%cal Be7e6,Be6e5][%mdl 32]} 5. e3 Nbd7 6. Qc2 Bd6 7. Bd3 O-O 8. O-O e5 9. cxd5 cxd5 10. e4 exd4 11. Nxd5 Nxd5 12. exd5 h6 13. Nxd4 Qh4 {D46: Semi-Slav: 5 e3 Nbd7 6 Bd3, Black avoids the Meran} 14. Nf3 Qh5 15. Bh7+ Kh8 16. Qf5 Qxf5 17. Bxf5 Nf6 18. Bxc8 {LiveBook: 27 Games} Rfxc8 {The position is equal.} 19. Rd1 Rd8 20. Be3 Be7 21. d6 Rxd6 {[#]} 22. Re1 $146 {[#] And now Bc5 would win.} Re6 23. Nd4 Re5 24. Nf3 Re6 25. Bd4 Rxe1+ 26. Rxe1 Nd5 27. a3 a6 28. g3 Kg8 29. Kg2 Rc8 30. Re5 Rd8 31. Re2 Rc8 32. Re5 {Precision: White = 57%, Black = 82%.} 1/2-1/2

[Event "49th CHN-ch 2018"]
[Site "Xinghua"]
[Date "2018.04.25"]
[Round "7"]
[White "Fang, Yuxiang"]
[Black "Liu, Guanchu"]
[Result "1/2-1/2"]
[WhiteElo "2502"]
[BlackElo "2459"]
[Annotator "TA"]
[PlyCount "62"]
[EventDate "2018.??.??"]
[EventCountry "CHN"]
[SourceTitle "playchess.com"]
[Source "ChessBase"]
[SourceQuality "1"]

{[%evp 40,62,0,0,0,0,0,0,0,0,0,0,0,0,0,0,0,0,0,0,0,0,0,0,0]} 1. d4 Nf6 2. c4 e6 3. Nf3 b6 4. g3 Ba6 5. b3 Bb4+ 6. Bd2 Be7 7. Bg2 c6 8. O-O d5 9. Ne5 Nfd7 10. Nxd7 Nxd7 11. Bc3 O-O 12. Nd2 Rc8 13. e4 c5 14. exd5 exd5 15. dxc5 dxc4 16. c6 cxb3 17. Re1 {E15: Queen's Indian: 4 g3 sidelines, 4 g3 Ba6 and 4 g3 Bb7 early deviations} Bb5 18. Nxb3 {[%cal Bd2b3,Bb3d4,Bd4f5][%mdl 32]} Bxc6 19. Bxg7 Kxg7 20. Nd4 Bxg2 21. Nf5+ {LiveBook: 6 Games. The position is equal.} Kh8 22. Rxe7 Bh3 $1 {[%cal Rh3f5]} 23. Qd4+ {[#]} (23. Rxd7 $2 Qf6 $19) 23... Ne5 $1 {[%mdl 512]} 24. Qxe5+ $40 {[%mdl 128] White attacks.} f6 {[#]} 25. Qe2 $146 {Threatening mate with Rxh7+!} Bxf5 26. Rd1 {[#]} Bg4 $1 {[%cal Rg4e2][%mdl 512] [#]} 27. Rxh7+ $1 {[%mdl 512]} (27. Qxg4 Qxe7) 27... Kxh7 28. Qxg4 Qe8 $1 {Strongly threatening ...Rd8.} (28... Qe7 $6 29. Rd7 $16) 29. Rd7+ Rf7 $1 ({Stronger than} 29... Kh6 30. Qg7+ (30. Qh4+ Qh5 $18) 30... Kh5 31. Qh7+ Kg4 32. Rg7+ Kf3 33. Qd3+ Qe3 34. Qxe3# (34. fxe3 Rc1+ 35. Qf1+ Rxf1+ 36. Kxf1 Rc8 $11)) 30. Qh5+ Kg8 31. Qg6+ Kf8 1/2-1/2

[Event "49th CHN-ch 2018"]
[Site "Xinghua"]
[Date "2018.04.25"]
[Round "7"]
[White "Xu, Jun"]
[Black "Zhou, Jianchao"]
[Result "0-1"]
[WhiteElo "2501"]
[BlackElo "2616"]
[Annotator "TA"]
[PlyCount "46"]
[EventDate "2018.??.??"]
[EventCountry "CHN"]
[SourceTitle "playchess.com"]
[Source "ChessBase"]
[SourceQuality "1"]

{[%evp 12,46,23,22,29,12,21,20,29,28,22,0,0,-8,0,-2,9,0,0,0,8,0,0,0,0,0,7,-6,0,-25,-16,-48,-42,-634,-630,-632,-631]} 1. d4 d5 2. c4 e6 3. Nf3 Nd7 4. g3 Bb4+ 5. Nbd2 Ngf6 6. Bg2 O-O 7. O-O {LiveBook: 17 Games. E01: Catalan: Early deviations} b6 (7... h6 8. Qc2 c5 9. a3 Bxd2 10. Bxd2 dxc4 11. Rfd1 b5 12. a4 Ba6 13. dxc5 Nxc5 14. Bxh6 Qc8 15. axb5 {1-0 (48) Xu,X (2545)-Rohde,M (2388) chess.com INT 2018}) 8. Qa4 Bd6 $146 ({Predecessor:} 8... c5 9. a3 Bxd2 10. Bxd2 Bb7 11. cxd5 Bxd5 12. Bg5 cxd4 13. Qxd4 h6 14. Bxf6 Nxf6 {1-0 (53) Maki Uuro,M-Leino,J Salo 1993}) 9. b4 {The position is equal.} dxc4 10. Nxc4 Bb7 11. Nxd6 cxd6 12. Bf4 Qb8 13. Rfc1 h6 14. Ne1 e5 15. dxe5 dxe5 16. Be3 Rd8 17. Rd1 Bxg2 18. Nxg2 Qb7 19. Rac1 Nf8 20. Qb5 Nd5 21. Rd3 a6 22. Qc4 $2 {[%mdl 8192] [#]} (22. Qa4 $15) 22... Nxe3 $19 23. Nxe3 Rdc8 {Precision: White = 40%, Black = 78%.} 0-1

[Event "49th CHN-ch 2018"]
[Site "Xinghua"]
[Date "2018.04.25"]
[Round "7"]
[White "Wang, Chen"]
[Black "Xu, Yi"]
[Result "1/2-1/2"]
[WhiteElo "2495"]
[BlackElo "2522"]
[Annotator "TA"]
[PlyCount "59"]
[EventDate "2018.??.??"]
[EventCountry "CHN"]
[SourceTitle "playchess.com"]
[Source "ChessBase"]
[SourceQuality "1"]

{[%evp 9,59,-8,-2,-2,-2,-14,-13,-18,-18,-18,-18,-9,-8,-9,-11,-17,0,-8,6,-13,0,0,14,0,7,0,0,0,0,0,6,0,0,0,0,0,0,0,0,0,0,0,0,0,0,0,0,0,3,0,0,0]} 1. b3 e5 2. Bb2 Nc6 3. e3 g6 4. Bb5 Bg7 (4... Nge7 5. d4 exd4 6. Bxd4 Nxd4 7. Qxd4 Rg8 8. Qd2 c6 9. Bd3 Bg7 10. c3 d5 11. Ne2 Bf5 12. O-O {½-½ (72) Mamedyarov,S (2799)-Le,Q (2737) Huaian 2017}) 5. Bxc6 bxc6 {The position is equal.} 6. f4 {A01: Nimzowitsch-Larsen Opening} f6 $146 {[%cal Bf7f6,Bf6e5][%mdl 32]} ({Predecessor:} 6... Qh4+ 7. g3 Qe7 8. Bxe5 Bxe5 9. fxe5 Qxe5 10. Nc3 f5 11. Qf3 Nf6 12. Qf4 Qxf4 13. exf4 {0-1 (32) Hock,G (2031)-Wolf,U (2166) Hofheim 2017}) 7. Ne2 Nh6 8. fxe5 fxe5 {[#] Strongly threatening ...0-0.} 9. O-O d6 10. Qe1 Nf7 11. d3 O-O 12. e4 c5 13. Nd2 Be6 14. Nc4 Qd7 15. Ne3 c6 16. Qg3 Nh6 17. h3 Qe7 18. Rxf8+ Rxf8 19. Rf1 Rxf1+ 20. Nxf1 Nf7 21. Bc1 Bf6 22. Ne3 Bh4 23. Qf3 Bg5 24. Nf1 Bh4 25. Ne3 Bg5 26. Nf1 Bh4 27. Ne3 Bg5 28. Nf1 Bh4 29. Ne3 Bg5 30. Nf1 {Precision: White = 71%, Black = 73%.} 1/2-1/2

[Event "49th CHN-ch 2018"]
[Site "Xinghua"]
[Date "2018.04.25"]
[Round "7"]
[White "Liu, Yan"]
[Black "Zeng, Chongsheng"]
[Result "1-0"]
[WhiteElo "2481"]
[BlackElo "2542"]
[Annotator "TA"]
[PlyCount "111"]
[EventDate "2018.??.??"]
[EventCountry "CHN"]
[SourceTitle "playchess.com"]
[Source "ChessBase"]
[SourceQuality "1"]

{[%evp 22,111,34,31,35,27,39,32,39,48,54,49,52,41,49,38,30,28,43,38,64,46,56,69,60,64,58,52,62,36,87,74,102,94,127,123,135,118,138,87,330,320,412,398,415,394,508,498,506,489,479,508,507,509,501,489,499,496,503,443,652,539,800,792,1452,778,741,745,713,693,1204,912,1700,1555,1266,1264,1173,1170,1144,1135,977,951,1728,1685,1451,1243,2105,1997,12845,12841,12841,12840]} 1. Nf3 d5 2. e3 c6 3. c4 e6 4. b3 f5 5. Be2 Nf6 6. O-O Bd6 7. d4 Qe7 8. Bb2 O-O 9. Qc1 {A84: Dutch Defence: 2 c4 Miscellaneous} Bd7 10. Ba3 Be8 11. Bxd6 Qxd6 12. Ne5 {LiveBook: 4 Games} Nbd7 13. Qb2 {[#]} Qc7 $146 ({Predecessor:} 13... Bh5 14. f3 Qe7 15. Nxd7 Nxd7 16. Nc3 a6 {½-½ (34) Eljanov,P (2720)-Izoria,Z (2610) Dresden 2008}) 14. Nxd7 Qxd7 15. Nd2 Qe7 16. b4 Ne4 17. f3 Bh5 18. Rfe1 Nf6 19. Bd3 Rad8 20. Rab1 Be8 21. c5 g5 22. b5 cxb5 23. Bxb5 Bxb5 24. Qxb5 Rd7 25. Qa4 a6 ({Better is} 25... Ra8 $1 $14) 26. Rb6 $16 Rc7 27. Reb1 e5 28. dxe5 Qxe5 29. Qd4 Qe7 30. Nb3 ({White should play} 30. Nf1) 30... Kf7 $2 {[#]} (30... Rc6 $16) 31. Na5 $18 Kg6 32. Nxb7 Re8 33. Kf2 f4 34. exf4 {White is clearly winning.} Qe2+ 35. Kg1 Qe3+ 36. Qxe3 Rxe3 37. fxg5 Kxg5 38. Rd6 Rce7 39. Nd8 Re2 40. c6 Kf5 (40... Ne8 $142) 41. Rc1 Re1+ 42. Rxe1 Rxe1+ {[%mdl 4096] Endgame KRN-KRN} 43. Kf2 {[#] Strongly threatening c7.} Rc1 44. g4+ Kg6 45. h4 {[%cal Bh2h4,Bh4g5][%mdl 32]} h6 46. Kg3 Rc3 47. Kf4 Kg7 48. g5 hxg5+ 49. hxg5 Ne8 50. Rxd5 Kg6 51. Kg4 Rc2 52. f4 {[%cal Bf3f4,Bf4f5][%mdl 32]} Rg2+ 53. Kf3 Rxa2 54. Ne6 Rc2 55. f5+ Kh5 56. Rd8 {Precision: White = 88%, Black = 30%.} 1-0

[Event "49th CHN-ch 2018"]
[Site "Xinghua"]
[Date "2018.04.26"]
[Round "8"]
[White "Lu, Shanglei"]
[Black "Liu, Yan"]
[Result "0-1"]
[WhiteElo "2640"]
[BlackElo "2481"]
[Annotator "TA"]
[PlyCount "92"]
[EventDate "2018.??.??"]
[EventCountry "CHN"]
[SourceTitle "playchess.com"]
[Source "ChessBase"]
[SourceQuality "1"]

{[%evp 21,92,0,0,0,0,0,6,-11,21,-23,8,-17,25,4,0,0,0,0,19,6,7,0,14,0,8,0,44,21,25,33,45,39,36,8,22,11,47,54,79,74,133,66,58,13,68,70,77,71,64,57,116,110,120,106,110,108,103,102,127,19,11,-76,-81,-61,0,-162,-162,-558,-482,-29966,-12844,-29988,-29989]} 1. e4 e5 2. Nf3 Nc6 3. Bb5 Nf6 4. d3 Bc5 5. c3 O-O 6. O-O d6 7. Nbd2 Bb6 8. h3 {C65: Ruy Lopez: Berlin Defence (3...Nf6), unusual lines and 4 0-0 Bc5} Ne7 9. d4 c6 10. Bd3 Ng6 11. Re1 Re8 {LiveBook: 19 Games} 12. Qc2 Nh5 13. Nc4 Nhf4 14. Bf1 {[#]} Qf6 $146 ({Predecessor:} 14... Bc7 15. Be3 {1-0 (49) Movsesian,S (2679)-Ghaem Maghami,E (2566) Moscow 2017}) 15. dxe5 dxe5 (15... Nxh3+ $5 16. gxh3 Qxf3 17. Nxb6 axb6 $11) 16. Nh2 h5 17. a4 Bc7 18. Kh1 Be6 19. Be3 b6 20. b4 Nf8 21. Red1 Red8 22. Nd2 g5 23. a5 N8g6 24. axb6 axb6 25. Nc4 b5 26. Na5 Rxd1 27. Qxd1 Kg7 28. Nb7 Rxa1 29. Qxa1 g4 30. hxg4 hxg4 (30... Bxg4 $142 31. g3 (31. Nxg4 hxg4 32. Kg1 Nh4 $11) 31... Ne6) 31. Qd1 (31. Nc5 $16) 31... Bc8 $14 32. Na5 Qe6 (32... Nh4 $1 $11) 33. g3 Nh5 $1 34. Qc2 Nf6 35. c4 Bxa5 ({Black should play} 35... Qd7 $14) 36. bxa5 $16 Ba6 {[%cal Rb5c4]} 37. cxb5 cxb5 38. Kg1 b4 39. Qb1 b3 40. Bg5 (40. Bxa6 $16 Qxa6 41. Qxb3) 40... Nh7 $1 $11 {[#] aiming for ...Bxf1.} 41. Bd8 (41. Bd2 $11 {keeps the balance.} Qd6 42. Qd1 (42. Qxb3 Qxd2 43. Bxa6 Qxa5 $14)) 41... Bxf1 $17 42. Nxf1 {next Ne3 is good for White.} Qc4 (42... Qd6 $1 $15 43. Bh4 Qa3) 43. Bb6 $2 {[#]} (43. Ne3 $11 Qc3 44. a6) 43... Ng5 $1 $36 {[%mdl 2048] Keeping White busy.} 44. Ne3 $2 (44. Be3 {was the crucial defense.} Qxe4 45. Qxe4 Nxe4 46. a6) 44... Qe2 45. Qf1 (45. Qxb3 $19 Nh3+ 46. Kh2) 45... Qxf1+ 46. Nxf1 b2 {Precision: White = 28%, Black = 50%.} 0-1

[Event "49th CHN-ch 2018"]
[Site "Xinghua"]
[Date "2018.04.26"]
[Round "8"]
[White "Zhou, Jianchao"]
[Black "Liu, Guanchu"]
[Result "1-0"]
[WhiteElo "2616"]
[BlackElo "2459"]
[Annotator "TA"]
[PlyCount "95"]
[EventDate "2018.??.??"]
[EventCountry "CHN"]
[SourceTitle "playchess.com"]
[Source "ChessBase"]
[SourceQuality "1"]

{[%evp 16,95,34,35,29,21,16,12,32,-7,-17,-13,11,0,6,0,5,0,2,0,-3,0,16,10,16,21,14,24,138,139,139,142,144,160,133,126,147,109,116,112,125,70,75,77,63,70,108,116,107,100,123,106,154,133,112,73,79,70,129,75,72,75,66,74,76,67,77,74,91,90,86,75,82,69,64,65,256,256,277,277,275,271]} 1. d4 Nf6 2. c4 e6 3. Nc3 Bb4 4. e3 b6 5. Nge2 Ba6 6. a3 Bxc3+ 7. Nxc3 d5 8. b3 {[%cal Bb2b3,Bb3c4,Bc4c5][%mdl 32]} Nc6 {E45: Nimzo-Indian: Rubinstein: 4...b6 5 Ne2 Ba6} (8... O-O 9. a4 Nc6 10. Ba3 Re8 11. Be2 dxc4 12. O-O Nd5 13. Rc1 Na5 14. b4 Nb3 15. Rc2 c6 16. b5 cxb5 17. axb5 {0-1 (46) Tregubov,P (2579)-Safarli,E (2680) Zuerich 2017}) 9. Be2 {LiveBook: 9 Games} dxc4 10. bxc4 Na5 {The position is equal.} 11. Qa4+ $146 ({Predecessor:} 11. O-O O-O 12. Qa4 Qd7 13. Qxd7 Nxd7 14. Nb5 Rfc8 15. Rb1 Nf6 16. Bd2 {1-0 (32) Kashlinskaya,A (2432)-Ustich,E (2009) Kaliningrad 2015}) 11... Qd7 12. Nb5 c6 13. Nc3 {[%cal Bb5c3,Bc3e2,Be2f4][%mdl 32]} Rc8 14. c5 Bxe2 15. Nxe2 Qd5 16. Nf4 $36 {[%mdl 2048] White fights for an advantage.} Qc4 17. Qxc4 Nxc4 18. Nd3 bxc5 19. Nxc5 Nd7 20. Rb1 Nxc5 21. dxc5 Kd7 (21... O-O $11 {remains equal.}) 22. Rb4 $16 Ne5 {Black wants to play ...Nd3+.} 23. Ke2 $1 Kc7 24. Bb2 Nd7 25. Bxg7 Rhg8 26. Bd4 Rxg2 27. Rhb1 Kd8 28. Rb7 ({Better is} 28. Bc3 $16) 28... Rc7 $14 29. Bc3 $1 {[%cal Rc3a5]} Rxb7 30. Rxb7 $16 {[%mdl 4096] Endgame KRB-KRN} a6 31. Ra7 Nxc5 32. Bb4 Rg5 33. Rxf7 h5 34. Ra7 Rd5 35. f3 {aiming for e4.} Nb3 36. e4 Rd4 (36... Rd7 $14 37. Rxa6 c5) 37. Rxa6 (37. Ke3 $142 $1) 37... c5 38. Bc3 Nc1+ 39. Kf2 Rd3 40. Be5 Kd7 $1 41. a4 Rd2+ 42. Kg3 Ne2+ 43. Kh4 $1 Nd4 44. Rd6+ Ke7 45. Kxh5 {Strongly threatening h4.} Ra2 $2 {[#]} (45... Rg2 $14) 46. Kg4 $1 $18 {White has a decisive advantage.} Rg2+ {[#]} 47. Kf4 $1 Rxh2 48. Rb6 {Precision: White = 74%, Black = 60%.} 1-0

[Event "49th CHN-ch 2018"]
[Site "Xinghua"]
[Date "2018.04.26"]
[Round "8"]
[White "Bai, Jinshi"]
[Black "Wang, Chen"]
[Result "1-0"]
[WhiteElo "2586"]
[BlackElo "2495"]
[Annotator "TA"]
[PlyCount "131"]
[EventDate "2018.??.??"]
[EventCountry "CHN"]
[SourceTitle "playchess.com"]
[Source "ChessBase"]
[SourceQuality "1"]

{[%evp 22,131,45,35,50,35,91,75,106,45,107,102,124,77,84,73,108,102,84,103,99,99,100,104,105,102,104,103,103,102,162,144,92,100,252,260,262,187,186,170,185,168,171,164,164,172,172,139,154,147,156,149,153,119,283,283,276,0,0,0,276,276,270,261,281,48,56,0,274,248,294,263,279,262,491,220,196,108,108,108,108,108,900,108,889,889,875,857,864,864,864,864,805,539,743,127,127,0,695,630,1180,223,1414,1414,1414,1208,5461,5461,29983,4637,29986,29987]} 1. d4 d5 2. c4 e6 3. Nf3 Nf6 {[%cal Bg8f6,Bf6d5,Bd5b4][%mdl 32]} 4. g3 c5 5. cxd5 Nxd5 6. Bg2 cxd4 7. O-O Be7 8. Nxd4 O-O 9. e4 Nb4 10. Nc3 N8c6 11. Nxc6 Nxc6 12. Be3 {LiveBook: 14 Games} e5 {D02: 1 d4 d5 2 Nf3 sidelines, including 2...Nf6 3 g3 and 2...Nf6 3 Bf4} (12... Qa5 13. Qb3 b6 14. Rfd1 Ba6 15. Rd7 Bc5 16. Bxc5 bxc5 17. Qa4 Qb6 18. Rad1 Ne5 19. R7d6 Qxb2 20. Qb3 Qxb3 21. axb3 {½-½ (34) Matlakov,M (2709)-Esipenko,A (2571) Moscow 2018}) 13. Nd5 Bg5 $146 ({Black should play} 13... Nb4 $14) ({Predecessor:} 13... Be6 14. Rc1 Bd6 15. Qd2 Qa5 16. Qxa5 Nxa5 17. Rfd1 Rfc8 18. Rxc8+ Bxc8 19. Nf6+ gxf6 20. Rxd6 {1-0 (42) Kucuksari,K (2200)-Celebi,O (1845) Manavgat 2016}) 14. f4 $16 Bh6 {White is better.} 15. Qb3 (15. Bc5 $16) 15... Qa5 (15... exf4 $1 $14 16. Bc5 (16. gxf4 Ne7 $16) (16. Nxf4 Qe7 $14) (16. Bxf4 Bxf4 17. gxf4 Na5 $14) 16... Re8) 16. Rac1 Re8 17. h3 exf4 18. gxf4 Be6 19. Qxb7 Rab8 20. Qxc6 Bxd5 21. Qxd5 Qxd5 22. exd5 Rxe3 23. d6 $1 {[%cal Bd5d6,Bd6d7][%mdl 32] Hoping for d7.} Rd3 24. Rcd1 $1 {[%cal Rd1d3]} Rxd1 25. Rxd1 {Strongly threatening d7.} Bxf4 {[%mdl 4096] Endgame KRB-KRB} (25... Rd8 $16) 26. d7 $18 Bg5 27. Re1 {Threatening mate with Re8+.} Rf8 $2 (27... Kf8 $16) 28. Re8 g6 29. Kf2 f5 30. Ke2 h5 31. b4 Bd8 32. Bf3 Kf7 33. Bd5+ Kg7 34. Be6 g5 35. Bxf5 Rxf5 36. Rxd8 $16 {KR-KR} Rd5 37. Ke3 Kf7 $2 (37... Kf6 $16 38. Ke4 Ke6) 38. Ke4 $18 Rd2 39. Kf5 Rd5+ 40. Ke4 Rd2 $1 {[#]} 41. Rh8 $1 Rxd7 42. Rh7+ ({Less strong is} 42. Rxh5 Kg6 $16) 42... Ke6 43. Rh6+ $2 (43. Rxh5 $18 {Black must now prevent Rh6+.} Rf7 44. Rxg5) 43... Kf7 $14 44. Rh7+ $2 (44. Rxh5 $14 Kg6 45. Rh8) 44... Ke6 $18 45. Rxh5 Rd2 46. Rh6+ ({Not} 46. Rxg5 Rxa2 47. Ra5 Re2+ 48. Kf4 Rf2+ 49. Kg5 Rg2+ 50. Kf4 Rf2+ 51. Kg5 Rg2+ 52. Kf4 Rf2+ $16) 46... Kd7 47. Ra6 Rh2 $2 (47... Kc7 48. Rxa7+ Kb6) 48. Kf5 (48. a4 $142 Rxh3 49. Kd5) 48... Rxh3 49. Kxg5 (49. Rxa7+ $18 Kc8 50. Kxg5) 49... Kc7 $16 50. Rxa7+ Kb6 51. Ra5 Rf3 $2 {[%mdl 8192] [#]} (51... Rc3 $16 52. Kf5 Rh3) 52. Kg4 $2 (52. a4 $1 $18 Rb3 53. Rb5+ Ka6 54. Kf5) 52... Rf2 $2 {[%mdl 8192]} (52... Rd3 $16) 53. Kg3 $18 Rf1 54. Kg2 Rf4 55. a3 Rf8 56. Kg3 Rf1 57. Kg4 Rf2 58. Rf5 $2 (58. a4 $18 Rb2 59. Rb5+ Ka6 60. Kf5) 58... Ra2 $16 59. Ra5 $2 {[%mdl 8192]} (59. Rf3 $16) 59... Rf2 $1 $18 60. a4 Ra2 61. Kf5 $2 (61. Kf3 Rb2 62. Rb5+ Ka6 63. Ke4) 61... Ra1 $2 (61... Rh2 62. Re5 Ka6 63. Re6+ Kb7 64. Re7+ Ka8) 62. Ke6 Ra2 63. Kd6 Ra1 64. Rb5+ Ka6 65. Kc6 (65. Kc7 $142 Rxa4 66. Rb6+ Ka7 67. b5 Ra2 68. Rb7+ Ka8 69. Rb8+ Ka7 70. b6+ Ka6 71. Ra8+ Kb5 72. Rxa2) 65... Rxa4 66. Rb7 {Precision: White = 46%, Black = 33%.} 1-0

[Event "49th CHN-ch 2018"]
[Site "Xinghua"]
[Date "2018.04.26"]
[Round "8"]
[White "Zeng, Chongsheng"]
[Black "Fang, Yuxiang"]
[Result "1/2-1/2"]
[WhiteElo "2542"]
[BlackElo "2502"]
[Annotator "TA"]
[PlyCount "80"]
[EventDate "2018.??.??"]
[EventCountry "CHN"]
[SourceTitle "playchess.com"]
[Source "ChessBase"]
[SourceQuality "1"]

{[%evp 15,80,12,19,-77,-70,-59,-22,-18,-23,-26,15,5,17,11,12,8,8,0,35,0,0,-19,-22,-22,-22,-38,-25,-35,0,0,0,-10,-14,-6,0,-26,-38,-32,0,-47,-41,-86,-78,-106,-98,-64,-16,-243,-243,-257,-245,-248,-244,-227,-219,-538,0,0,0,0,0,0,0,0,0,0,0]} 1. d4 d5 2. c4 c6 3. Nc3 Nf6 4. Nf3 a6 5. Ne5 Nbd7 6. Bf4 dxc4 7. Nxc4 b5 {D15: Slav Defence: 4 Nc3 a6 and gambit lines after 4 Nc3 dxc4} 8. Ne5 Bb7 {LiveBook: 82 Games} 9. Qb3 $146 (9. e3 $11) ({Predecessor:} 9. e3 e6 10. Be2 Be7 11. O-O O-O 12. Bf3 Nd5 13. Bg3 Rc8 14. a4 Nxe5 15. Bxe5 {½-½ (39) Li,C (2751)-Movsesian,S (2653) Huaian 2016}) 9... e6 $1 $17 {Black is better.} 10. Rd1 Be7 11. e4 O-O (11... Nxe5 {keeps more tension.} 12. Bxe5 O-O 13. Be2 c5 14. O-O cxd4 15. Bxd4 Qc7) 12. Be2 Qc8 13. O-O c5 14. Nxd7 Nxd7 15. d5 c4 16. Qc2 e5 17. Bg3 Bd6 18. Bg4 Qc7 19. Bxd7 Qxd7 20. Ne2 f6 21. f4 Qe7 22. fxe5 fxe5 23. Kh1 Rxf1+ 24. Rxf1 Rf8 25. Re1 Bc8 26. h3 h5 27. Ng1 Bc5 {...Qg5 is the strong threat.} 28. Re2 {[%cal Be1e2,Be2g2,Bg2g3][%mdl 32] [#]} Qf6 $1 29. Qd2 {[#]} h4 $1 $36 {[%cal Rh4g3][%mdl 2048] Black is really pushing.} 30. Bh2 b4 31. Nf3 $2 {[#]} (31. Re1 $11 {and White has nothing to worry.}) 31... Bxh3 $1 $19 {[%mdl 512] Threatens to win with ...Bg4.} 32. Bxe5 {[#]} (32. gxh3 Qxf3+) 32... Bxg2+ $1 {[%mdl 512]} 33. Rxg2 Qxf3 34. Kh2 Rf7 35. d6 $2 (35. Qe2 {nothing else works.} Qxe2 36. Rxe2) 35... h3 $2 (35... Qxe4 $19 36. Qg5 Be3) 36. Rg3 $11 {The position is equal.} Qf1 37. Qd5 {White wants to mate with Rxg7+.} Qe2+ 38. Kxh3 Qh5+ 39. Kg2 {White threatens Rxg7+ and mate.} Qe2+ 40. Kh3 {Threatening mate with Rxg7+.} Qh5+ {Precision: White = 37%, Black = 45%.} 1/2-1/2